| 000 | 01138 a2200205 4500 | ||
|---|---|---|---|
| 001 | 29295 | ||
| 005 | 20260407155602.0 | ||
| 008 | 260407a1976 arg spa d | ||
| 003 | AR-UNSa-BCEJYS | ||
| 040 |
_aAR-UNSa-BCEJYS _bspa _cAR-UNSa-BCEJYS |
||
| 080 |
_a657.42 _xCuentas de capital circulante |
||
| 245 | 1 | 0 | _aEl capital corriente |
| 250 | _a2a. ed | ||
| 264 | 1 |
_aBuenos Aires : _bEl Coloquio _c1976 |
|
| 300 |
_a128 p. _c22 cm. |
||
| 505 | _a1. Carcacterísticas que definen al capital corriente - 2. El capital corriente.Factor dinámico en la vida del ente económico - 3. Edición externa de la capacidad financiera a corto plazo - 4. El capital y los estados de origen y aplicación de fondos - 5. Explicación de las causas de los cambios en el capital corriente - Anexo 1 Estados contables-Modelos para sociedades anónimas en Argentina - Anexo 2 Información sobre cambios en la posición financiera según opinión Nº 19 del Instituto americano de contadores públicos certificados de estados unidos de norteamérica. | ||
| 942 | _cBK | ||
| 590 | _aniveau_biblio:m niveau_hierar:0 | ||
| 100 | 1 | _aArreghini, Hugo Ricardo | |
| 999 |
_c1839 _d1839 |
||